<?xml version="1.0" encoding="UTF-8"?>
<collection xmlns="http://www.loc.gov/MARC21/slim">
 <record>
  <leader>     na                 </leader>
  <controlfield tag="001">INLIS000000000858179</controlfield>
  <controlfield tag="005">20210405091115</controlfield>
  <datafield tag="035" ind1=" " ind2=" ">
   <subfield code="a">0010-0421000084</subfield>
  </datafield>
  <controlfield tag="007">ta</controlfield>
  <controlfield tag="008">210316s2020    yoia   g          j ind d</controlfield>
  <datafield tag="020" ind1=" " ind2=" ">
   <subfield code="a">978-623-93190-3-8</subfield>
  </datafield>
  <datafield tag="040" ind1=" " ind2=" ">
   <subfield code="a">YOPDYOG</subfield>
   <subfield code="b">ind</subfield>
   <subfield code="e">rda</subfield>
  </datafield>
  <datafield tag="082" ind1="0" ind2="4">
   <subfield code="2">23</subfield>
   <subfield code="a">808.301</subfield>
  </datafield>
  <datafield tag="084" ind1=" " ind2=" ">
   <subfield code="a">808.301 DEV f</subfield>
  </datafield>
  <datafield tag="090" ind1=" " ind2=" ">
   <subfield code="a">DEP 808.301 DEV f</subfield>
  </datafield>
  <datafield tag="090" ind1=" " ind2=" ">
   <subfield code="a">CB-D.11 2020-1745</subfield>
  </datafield>
  <datafield tag="100" ind1="0" ind2=" ">
   <subfield code="a">Devina Kwan</subfield>
   <subfield code="e">penulis</subfield>
   <subfield code="t">Frekuensi rendah</subfield>
  </datafield>
  <datafield tag="245" ind1="1" ind2="0">
   <subfield code="a">Frekuensi rendah /</subfield>
   <subfield code="c">penulis, Devina Kwan, Dwi Purwaningsih, Ignatius Raditya Adi Nugroho Tanu, Iis Chintya, Gabrita Maghfira M., Jasmine Nurah Vienai Winar, Lindung Ratwiawan, Sekar Purnama, Mutiara Permatahati Subekti, Nindya Mawaddah, Syafira Ratu Fasha, Belva Anandya Inazya; ilustrator, Kasih Arami; penyunting, Tim Penerbit</subfield>
  </datafield>
  <datafield tag="300" ind1=" " ind2=" ">
   <subfield code="a">viii, 104 halaman :</subfield>
   <subfield code="b">ilustrasi, gambar ;</subfield>
   <subfield code="c">18 cm</subfield>
  </datafield>
  <datafield tag="650" ind1=" " ind2="4">
   <subfield code="a">Cerita pendek--</subfield>
   <subfield code="x">Kumpulan</subfield>
  </datafield>
  <datafield tag="700" ind1="0" ind2=" ">
   <subfield code="a">Dwi Purwaningsih</subfield>
   <subfield code="e">penulis</subfield>
   <subfield code="t">Lensa monokrom</subfield>
  </datafield>
  <datafield tag="700" ind1="0" ind2=" ">
   <subfield code="a">Ignatius Raditya Adi Nugroho Tanu,</subfield>
   <subfield code="d">2004-</subfield>
   <subfield code="e">penulis</subfield>
   <subfield code="t">Dunia dalam 5 mentari</subfield>
  </datafield>
  <datafield tag="700" ind1="0" ind2=" ">
   <subfield code="a">Gabrita Maghfira M.,</subfield>
   <subfield code="d">2006-</subfield>
   <subfield code="e">penulis</subfield>
   <subfield code="q">Gabrita Maghfira Maharani</subfield>
   <subfield code="t">Apakah ini keadilan dunia?</subfield>
  </datafield>
  <datafield tag="700" ind1="0" ind2=" ">
   <subfield code="a">Jasmine Nurah Vienai Winar</subfield>
   <subfield code="e">penulis</subfield>
   <subfield code="t">Catatan untuk dunia</subfield>
  </datafield>
  <datafield tag="700" ind1="0" ind2=" ">
   <subfield code="a">Lindung Ratwiawan</subfield>
   <subfield code="e">penulis</subfield>
   <subfield code="t">Sebelum malam merebut warna senja</subfield>
  </datafield>
  <datafield tag="700" ind1="0" ind2=" ">
   <subfield code="a">Sekar Purnama</subfield>
   <subfield code="e">penulis</subfield>
   <subfield code="q">Dyah Sekar Purnama Ratri</subfield>
   <subfield code="t">Hipoksemia</subfield>
  </datafield>
  <datafield tag="700" ind1="0" ind2=" ">
   <subfield code="a">Mutiara Permatahati Subekti,</subfield>
   <subfield code="d">1995-</subfield>
   <subfield code="e">penulis</subfield>
   <subfield code="t">Golongan atas</subfield>
  </datafield>
  <datafield tag="700" ind1="0" ind2=" ">
   <subfield code="a">Nindya Mawaddah,</subfield>
   <subfield code="d">1999-</subfield>
   <subfield code="e">penulis</subfield>
   <subfield code="t">Kanvas yang bernama dunia</subfield>
  </datafield>
  <datafield tag="700" ind1="0" ind2=" ">
   <subfield code="a">Syafira Ratu Fasha</subfield>
   <subfield code="e">penulis</subfield>
   <subfield code="t">Sebut saja puan</subfield>
  </datafield>
  <datafield tag="700" ind1="0" ind2=" ">
   <subfield code="a">Kasih Arami</subfield>
   <subfield code="e">ilustrator</subfield>
  </datafield>
  <datafield tag="850" ind1=" " ind2=" ">
   <subfield code="a">YOPDYOG</subfield>
  </datafield>
  <datafield tag="264" ind1="3" ind2="1">
   <subfield code="a">Yogyakarta :</subfield>
   <subfield code="b">Penerbit,</subfield>
   <subfield code="c">2020</subfield>
  </datafield>
  <datafield tag="336" ind1=" " ind2=" ">
   <subfield code="2">rdacontent</subfield>
   <subfield code="a">teks</subfield>
  </datafield>
  <datafield tag="337" ind1=" " ind2=" ">
   <subfield code="2">rdamedia</subfield>
   <subfield code="a">tanpa perantara</subfield>
  </datafield>
  <datafield tag="338" ind1=" " ind2=" ">
   <subfield code="2">rdacarrier</subfield>
   <subfield code="a">volume</subfield>
  </datafield>
  <datafield tag="999" ind1=" " ind2=" ">
   <subfield code="a">CB-D.11/2020-1745</subfield>
  </datafield>
  <datafield tag="710" ind1="2" ind2=" ">
   <subfield code="a">Tim Penerbit</subfield>
   <subfield code="e">penyunting</subfield>
  </datafield>
  <datafield tag="990" ind1=" " ind2=" ">
   <subfield code="a">CB-D.11/2020-1745</subfield>
  </datafield>
 </record>
</collection>
